Research methods: (Record no. 13885)

MARC details
000 -LEADER
fixed length control field 01085nam a22002537a 4500
005 - DATE AND TIME OF LATEST TRANSACTION
control field 20110905164625.0
010 ## - LCCN (DPL NO)
LC control number ENG-90397
020 ## - INTERNATIONAL STANDARD BOOK NUMBER
Terms of availability 180.00
International Standard Book Number 8180940462
035 ## - SYSTEM CONTROL NUMBER
System control number EN-73930
035 ## - SYSTEM CONTROL NUMBER
System control number G-001292
037 ## - SOURCE OF ACQUISITION
Source of stock number/acquisition DBAD / PUB
082 ## - DEWEY DECIMAL CLASSIFICATION NUMBER
Classification number 001.42
100 ## - MAIN ENTRY--PERSONAL NAME
Personal name Vijayalakshmi, G.
245 ## - TITLE STATEMENT
Title Research methods:
Statement of responsibility, etc by G. Vijayalakshmi [and] C. Sivapragasam
Remainder of title tips and techniques /
260 ## - PUBLICATION, DISTRIBUTION, ETC. (IMPRINT)
Place of publication, distribution, etc Chennai
Name of publisher, distributor, etc MJP Publishers
Date of publication, distribution, etc 2008
260 ## - PUBLICATION, DISTRIBUTION, ETC. (IMPRINT)
Place of publication, distribution, etc
Name of publisher, distributor, etc
270 ## - ADDRESS
Address 47, Nallathambi Street Triplicane,
City Chennai
Postal code 600005
300 ## - PHYSICAL DESCRIPTION
Extent xvi, 218p.
Dimensions 23 cm (pbk)
500 ## - GENERAL NOTE
General note Includes bibliographical references & index
700 ## - ADDED ENTRY--PERSONAL NAME
Personal name Sivapragasam, C.
9 (RLIN) 34409
942 ## - ADDED ENTRY ELEMENTS (KOHA)
Item type English Books
Classification part 001.42
Source of classification or shelving scheme Dewey Decimal Classification
Call number suffix VIJ
Holdings
Withdrawn status Lost status Not for loan Collection code Home library Current library Date acquired Source of acquisition Cost, normal purchase price Full call number Barcode Copy number Cost, replacement price Koha item type
    Not For Loan Non-fiction D.B.Act.Division D.B.Act.Division 23/06/2008 DBAD / PUB 180.00 001.42 VIJ EN-73930 1 180.00 English Books
      Non-fiction Janak Puri Janak Puri 05/09/2011 bppd/gift 180.00 001.42 VIJ G-001292 1 180.00 English Books

© Delhi Public Library
Hit Counter
free hit counter